00334 a2200109 4500001001000000005001700010008004100027245006300068100001800131773005800149999001700207ART_1120120260410161855.0260409a 10aDe la eutanasia del rentista a la eutanasia del empresario1 aTagle, Manuel0 tRevista de Economíag- Nº 37 (jun. 1983)wREV11077 c25382d25382